(09) - 50 villes les plus peuplées de l'Ariège (09) - Statistiques

Statistiques générales
  • Ce quiz a été pris 41 fois
  • Le résultat moyen est 18 sur 50
Statistiques - réponses
nombre d'habitant ville % Correct
9 731 Foix
100%
16 512 Pamiers
93%
6 129 Saint-Girons
93%
1 277 Ax-les-Thermes
85%
6 018 Lavelanet
85%
3 106 Mirepoix
81%
3 060 Tarascon-sur-Ariège
81%
4 808 Saverdun
67%
3 491 Varilhes
59%
2 414 Laroque-d'Olmes
56%
3 268 La Tour-du-Crieu
52%
1 236 Le Mas-d'Azil
52%
3 866 Mazères
52%
1 288 Saint-Jean-de-Verges
52%
2 864 Saint-Jean-du-Falga
52%
1 384 Saint-Lizier
48%
1 085 Bélesta
44%
693 Le Vernet
41%
972 La Bastide-de-Sérou
37%
2 341 Lézat-sur-Lèze
37%
741 Massat
37%
2 381 Verniolle
37%
1 226 Mercus-Garrabet
33%
1 456 montgailhard
33%
743 Seix
33%
1 392 Lorp-Sentaraille
30%
710 Vernajoul
30%
1 061 Le Fossat
26%
862 Les Pujols
22%
1 354 Saint-Paul-de-Jarrat
22%
1 261 Rieux-de-Pelleport
19%
962 Villeneuve-d'Olmes
19%
789 Bonnac
15%
792 Carla-Bayle
15%
694 Montaut
15%
720 Rieucros
15%
676 Saint-Pierre-de-Rivière
15%
722 Arignac
11%
775 Ferrières-sur-Ariège
11%
796 Moulis
11%
784 Dalou
7%
804 Daumazan-sur-Arize
7%
676 La Bastide-sur-l'Hers
7%
858 Prat-Bonrepaux
7%
697 Saurat
7%
752 Villeneuve-du-Paréage
7%
952 Crampagna
4%
746 Ganac
4%
1 001 Montjoie-en-Couserans
4%
772 Serres-sur-Arget
4%
Aucun quiz correspondant
Distribution des résultats
% des personnes avec chaque résultat
Percentile par nombre de réponses
Votre historique - résultats
Vous n’avez pas pris ce quiz